000 00275nam a22001337a 4500
008 170919b xxu||||| |||| 00| 0 eng d
020 _a9788474443943
041 _aeng
080 _a7
100 _a44
101 _aART
245 _aANDROGINIA
_cZOLLA,E
942 _2udc
_cBK
999 _c28295
_d28295